|
|
|
|
| LEADER |
00000nam0a2200000 4500 |
| 001 |
258811 |
| 005 |
20231101233328.0 |
| 035 |
|
|
|a (RuTPU)RU\TPU\book\281700
|
| 090 |
|
|
|a 258811
|
| 100 |
|
|
|a 20140428d1966 k y0rusy50 ca
|
| 101 |
0 |
|
|a rus
|
| 102 |
|
|
|a RU
|
| 105 |
|
|
|a a z 001zy
|
| 200 |
1 |
|
|a Численные методы решения задач математической физики
|e сборник статей
|f Академия наук СССР (АН СССР) ; гл. ред. А. А. Дородницын
|
| 210 |
|
|
|a Москва
|c Наука
|d 1966
|
| 215 |
|
|
|a 271 с.
|c черт.
|
| 225 |
1 |
|
|a Вычислительная математика и математическая физика
|v № 4, том 6
|
| 300 |
|
|
|a Дополнение к журналу Вычислительная математика и математическая физика, № 4, том 6.
|
| 320 |
|
|
|a Библиогр. в конце ст.
|
| 606 |
1 |
|
|a Математическая физика
|2 stltpush
|3 (RuTPU)RU\TPU\subj\41221
|9 61028
|
| 610 |
1 |
|
|a численные методы
|
| 610 |
1 |
|
|a задачи
|
| 610 |
1 |
|
|a задачи Дирихле
|
| 610 |
1 |
|
|a погрешности
|
| 610 |
1 |
|
|a уравнения Лапласа
|
| 610 |
1 |
|
|a уравнения Пуассона
|
| 610 |
1 |
|
|a магнитное поле
|
| 610 |
1 |
|
|a теплопроводность
|
| 610 |
1 |
|
|a жидкости
|
| 610 |
1 |
|
|a твердое тело
|
| 675 |
|
|
|a 53:51
|v 3
|
| 702 |
|
1 |
|a Дородницын
|b А. А.
|4 651
|
| 712 |
0 |
2 |
|a Академия наук СССР (АН СССР)
|2 stltpush
|3 (RuTPU)RU\TPU\col\722
|
| 801 |
|
1 |
|a RU
|b 63413507
|c 20140428
|
| 801 |
|
2 |
|a RU
|b 63413507
|c 20140505
|g RCR
|
| 942 |
|
|
|c BK
|